| 000 | 01232nam a2200277 i 4500 | ||
|---|---|---|---|
| 001 | 50045 | ||
| 003 | ES-MaACL | ||
| 005 | 20251009172045.0 | ||
| 007 | t| | ||
| 008 | 030729s1986 sp ||||1| spa d | ||
| 020 | _a84-323-0564-2 | ||
| 080 | _a946"19":061.3(46)"1985" | ||
| 111 | 2 |
_aColoquio sobre Historia Contemporánea de España ( _n2º. _d1985. _cSegovia) _9148344 |
|
| 245 | 1 | 3 |
_aLa crisis de la Restauración, España entre la Primera Guerra Mundial y la Segunda República / _cII Coloquio sobre Historia Contemporánea de España, dirigido por Manuel Tuñón de Lara ; edición al cuidado de José Luis García Delgado ; [participan] A. Elorza ... [et al.]. |
| 250 | _a1ª ed. | ||
| 260 |
_aMadrid : _bSiglo XXI de España, _c1986. |
||
| 300 |
_aIX, 429 p. ; _c21 cm. |
||
| 651 | 4 |
_aEspaña- _xHistoria- _y1902-1931, Alfonso XIII- _vCongresos y asambleas. _9167641 |
|
| 651 | 4 |
_aEspaña- _xHistoria- _y1931-1939, II República- _vCongresos y asambleas. _9138483 |
|
| 700 | 0 |
_aTuñón de Lara, Manuel, _d1915-1997 _9111681 |
|
| 700 | 1 |
_aGarcía Delgado, José Luis. _954528 |
|
| 700 | 1 |
_aElorza, Antonio, _d1943- _947089 |
|
| 852 |
_aES-MaACL _jL-9863 |
||
| 852 |
_aES-MaACL _jL-9864 |
||
| 999 |
_c50045 _d50045 |
||